| 000 | 00000nas 2200000za 4500 |
| 001 | 9.826365 |
| 003 | CaOODSP |
| 005 | 20221107144553 |
| 007 | cr ||||||||||| |
| 008 | 161025d19281947oncar p oss f0###a0eng|d |
| 040 | |aCaOODSP|beng |
| 043 | |an-cn--- |
| 086 | 1 |aCS41-206E-PDF |
| 245 | 00|aThe brass and copper products industry in Canada |h[electronic resource]. |
| 246 | 13|aBrass and copper products industry|f1933-1947 |
| 246 | 13|aBrass & copper products industry in Canada|f1931-1946 |
| 246 | 1 |iAt head of caption title:|aManufactures of the non-ferrous metals|f1930-1934, 1935-1947 |
| 260 | |a[Ottawa] : |bDominion Bureau of Statistics, Mining, Metallurgical and Chemical Branch, |c[1929?]-1949. |
| 362 | 0 |a1928-1947. |
| 490 | 0 |aAnnual bulletin |
| 500 | |aIssues for 1935-1947 published in series: Annual industry report. |
| 500 | |aDigitized edition from print [produced by Statistics Canada]. |
| 515 | |aIssue for 1929 not published. |
| 520 | |aStatistics for the brass and copper industry in Canada, including number of plants, capital employed, average number of employees, salaries and wages, cost of materials and value. |
| 550 | |aIssued 1944-1946 by Mining, Metallurgical & Chemical Statistics; 1947 by Mining, Metallurgical & Chemical Section. |
| 692 | 07|2gccst|aMetalworking industry |
| 692 | 07|2gccst|aStatistics |
| 710 | 1 |aCanada. |bDominion Bureau of Statistics. |bMining, Metallurgical and Chemical Section. |
| 710 | 1 |aCanada.|bCensus of Industry.|bMining, Metallurgical and Chemical Statistics. |
| 710 | 1 |aCanada. |bCensus of Industry. |bMining, Metallurgical & Chemical Branch. |
| 785 | 00|tThe brass and copper products industry |w(CaOODSP)9.826366 |